[Event "ROM-ch U08"]
[Site "Calimanesti"]
[Date "2018.04.02"]
[Round "8"]
[White "Dascalescu, David Ioan"]
[Black "Iordachescu, George Matei"]
[Result "0-1"]
[WhiteElo "1135"]
[BlackElo "1216"]
[PlyCount "84"]
[EventDate "2018.03.27"]
[EventType "swiss"]
[EventRounds "9"]
[EventCountry "ROU"]
[SourceTitle "CBM 183 Extra"]
[Source "ChessBase"]
[SourceDate "2018.04.19"]
[SourceVersion "1"]
[SourceVersionDate "2018.04.19"]
[SourceQuality "1"]

1. e4 e6 2. Nc3 d5 3. Nf3 d4 4. Ne2 c5 5. c3 Nc6 6. Ng3 e5 7. Bb5 Bd7 8. Bxc6 Bxc6 9. Nxe5 Bd6 10. Nxc6 bxc6 11. cxd4 cxd4 12. 0-0 Nf6 13. Re1 Bxg3 14. hxg3 0-0 15. d3 h6 16. Bf4 c5 17. Rc1 Rc8 18. Be5 Qe7 19. Bxf6 Qxf6 20. Qf3 Qxf3 21. gxf3 Rc7 22. Rc2 Rfc8 23. Rec1 a5 24. a3 Kf8 25. b4 axb4 26. axb4 Ke7 27. Kh2 Kd6 28. bxc5+ Rxc5 29. e5+ Kd5 30. Rxc5+ Rxc5 31. Re1 Rc3 32. f4 Rxd3 33. f5 Ra3 34. e6 fxe6 35. fxe6 Ra8 36. f4 Re8 37. f5 d3 38. Kg2 Kd4 39. Kf3 d2 40. Rd1 Kd3 41. g4 Re7 42. Kf2 Rc7 0-1

[Event "ROM-ch U08"]
[Site "Calimanesti"]
[Date "2018.03.31"]
[Round "6"]
[White "Dascalescu, David Ioan"]
[Black "Paraschiv, Andrei C"]
[Result "1-0"]
[WhiteElo "1135"]
[BlackElo "1073"]
[PlyCount "53"]
[EventDate "2018.03.27"]
[EventType "swiss"]
[EventRounds "9"]
[EventCountry "ROU"]
[SourceTitle "CBM 183 Extra"]
[Source "ChessBase"]
[SourceDate "2018.04.19"]
[SourceVersion "1"]
[SourceVersionDate "2018.04.19"]
[SourceQuality "1"]

1. e4 c5 2. c3 Nc6 3. d4 cxd4 4. cxd4 d6 5. Bb5 Nf6 6. d5 a6 7. Bxc6+ bxc6 8. Qa4 Bd7 9. dxc6 Rc8 10. cxd7+ Nxd7 11. Nc3 g6 12. Nf3 Bg7 13. 0-0 0-0 14. Bd2 Nc5 15. Qc2 e6 16. Rad1 d5 17. exd5 exd5 18. Bg5 f6 19. Rxd5 Qe7 20. Re1 Qf7 21. Be3 Na4 22. Qxa4 Rxc3 23. bxc3 Qxd5 24. Qb3 Rd8 25. Rd1 Qxb3 26. Rxd8+ Kf7 27. axb3 1-0

[Event "ROM-ch U08"]
[Site "Calimanesti"]
[Date "2018.03.27"]
[Round "1"]
[White "Constantin Ciuntu, Darius Mihai"]
[Black "Dascalescu, David Ioan"]
[Result "0-1"]
[WhiteElo "1001"]
[BlackElo "1135"]
[PlyCount "92"]
[EventDate "2018.03.27"]
[EventType "swiss"]
[EventRounds "9"]
[EventCountry "ROU"]
[SourceTitle "CBM 183 Extra"]
[Source "ChessBase"]
[SourceDate "2018.04.19"]
[SourceVersion "1"]
[SourceVersionDate "2018.04.19"]
[SourceQuality "1"]

1. e4 e5 2. f4 Bc5 3. Nf3 d6 4. Nc3 Nc6 5. a3 Bg4 6. Be2 Bxf3 7. Bxf3 Qh4+ 8. g3 Qe7 9. d3 Nf6 10. Bd2 0-0 11. Qe2 Nd4 12. Qd1 Rad8 13. Be3 Nxc2+ 14. Qxc2 Bxe3 15. Qe2 Bb6 16. 0-0-0 Qe6 17. Bg2 Ng4 18. Rhf1 Ne3 19. Bf3 Nxf1 20. Rxf1 Qb3 21. Rd1 Bd4 22. Qd2 Bxc3 23. bxc3 Qxa3+ 24. Kb1 Rb8 25. Rc1 Qb3+ 26. Ka1 Qe6 27. Rb1 Qd7 28. Rb2 Rfe8 29. Kb1 Qh3 30. Ra2 a6 31. Qc2 exf4 32. Qf2 fxg3 33. hxg3 Qd7 34. Bd1 Qb5+ 35. Bb3 Qxb3+ 36. Rb2 Qxc3 37. Qe3 d5 38. Qa7 Qxd3+ 39. Ka2 Qxe4 40. Rb1 d4 41. Rd1 Qc2+ 42. Ka3 Qxd1 43. Kb4 Qb1+ 44. Kc4 Qb5+ 45. Kxd4 Rbd8+ 46. Kc3 Rd3+ 0-1